| 000 | 01013nam a2200241 a 4500 | ||
|---|---|---|---|
| 001 | 000048480 | ||
| 003 | DO-SdBNP | ||
| 005 | 20230203144028.0 | ||
| 007 | ta | ||
| 008 | 190322e2009 dr fr 000 0 spa d | ||
| 040 |
_aDO-SdBNP _bspa _cBNPHU |
||
| 082 | 4 |
_a001.42 _bC749q _222 |
|
| 111 | 2 |
_aCongreso Interdisciplinario de Investigación Científica. _n(5 : _d2009 : _cSanto Domingo ) _975900 |
|
| 245 | 1 | 0 |
_aV congreso interdisciplinario de investigación científica: _h"vcic". / _cPresentación, Ligia A. Melo de Cardona |
| 246 | 1 | 4 |
_aQuinto congreso interdisciplinario de investigación científica : _bprograma y libro de resúmenes |
| 260 |
_aSanto Domingo : _bSEESyT, _c2009 |
||
| 300 |
_a73 p. ; _c28 cm. |
||
| 590 | _aInventariado, 2019/BT | ||
| 650 | 4 |
_aInvestigaciones científica _xCongresos, confeencias, etc. _975901 |
|
| 700 | 2 |
_927174 _aMelo de Cardona, Ligia Amada _epresent. |
|
| 710 | 2 |
_aMinisterio de Educación Superior Ciencia y Tecnología (República Dominicana). _956809 |
|
| 942 |
_2ddc _cLBS1 |
||
| 999 |
_c47968 _d47968 |
||